000 00292nam a22001337a 4500
008 181012b xxu||||| |||| 00| 0 eng d
020 _a0813512166
041 _aeng
080 _a201
100 _a24
101 _aTEO
245 _aAmerican Mainline Religion
_cRoof, W.C
942 _2udc
_cBK
999 _c49594
_d49594